000 00936nam a2200193 i 4500
001 28685
003 ES-MaACL
005 20230906153917.0
007 t|
008 030117s1880 sp ||||1| spa d
245 0 0 _aBalneario de Urberuaga de Ubilla (Vizcaya)
_b: aguas termo-bicarbonatadas-nitrogenadas de Urberuaga de Ubilla (Merindad de Marquina) ... : breve reseña del mismo y su instalación, con su vista y planos : análisis y virtudes medicinales de las aguas ...
260 _aMadrid :
_b[s.n.],
_c1880 (
_fEst. Tip. de Enrique Vicente)
300 _a99 p., [2] h. pleg. de plan. ;
_c21 cm.
530 _aDisponible también en sitio web.
610 2 _aBalneario de Urberuaga de Ubilla.
_9139163
650 _aAguas minerales-
_zPaís Vasco.
_9172296
852 _aES-MaACL
_jT-341-F-10
856 _uhttp://bibliotecadigitalhispanica.bne.es:80/webclient/DeliveryManager?pid=1680502&custom_att_2=simple_viewer
_zIr a la página
999 _c28685
_d28685